| 000 | 00504nam a2200169 a 4500 | ||
|---|---|---|---|
| 005 | 20140412111315.0 | ||
| 008 | 010416s19uu xx 00 eng d | ||
| 020 | _a0-86227-921-6 | ||
| 050 |
_aM 423.1 _bB692 1992 |
||
| 100 | _aMcKie, Anne | ||
| 245 |
_aMy big book of learning / _cwritten by Anne McKie; illustrated by Ken McKie. |
||
| 260 |
_aLondon : _bGrandreams Ltd, _c1991. |
||
| 300 | _a1 v. (unp.) ; ill. | ||
| 650 | _aAlphabets (Preschool) | ||
| 650 | _aNumbers (Preschool) | ||
| 999 |
_c104191 _d104191 |
||